000
00283nam a2200121 a 4500
001
4140
005
20140414131903.0
008
090218s19uu xx 00 eng d
050
_a
FIC
_b
G47 1990
100
_a
Gleitzman, Morris
245
_a
The Other facts of life.
999
_c
110748
_d
110748